000 00741cam a2200241 4500
001 M1792
008 090401t xxu||||| |||| 00| 0 eng d
035 _a(Sirsi) u34545
041 _aeng
050 _a690.2
090 _aRICS 1989/97ABCD
110 _aRoyal Institution of Chartered Surveyors
_94900
245 _aWhat use is a chartered building surveyor?: spotlight on the building surveyor`s contribution to the property profession.
260 _aLondon
_bRICS
_c1989?
300 _a(4)p. ; 30cm.
350 _a0
650 _aBUILT ENVIRONMENT-BUILDING INSPECTION
650 _aBUILDING SURVEYORS
650 _aABOUT RICS-RICS MEMBERS
690 _aBUILT ENVIRONMENT-BUILDING INSPECTION
942 _n0
948 _c04/03/1997
999 _c89960
_d89960